000 00647nam a2200241Ia 4500
003 OSt
005 20220924152755.0
006 a|||||r|||| 00| 0
007 ta
008 220923b |||||||| |||| 00| 0 tel d
020 _cRs.11
024 _a344387
037 _cTextual
040 _aARTS
_cARTS
_btel
041 _2tel
_atel
082 _aO35,3NVE14,1, M4
100 _aAkella Venkata Suryanarayana Au.
_9227407
245 0 _aDharmorakshati Rakshitaha
260 _c1966
650 _aTELUGU LITERATURE
942 _hO35,3NVE14,1, M4
_cTEXL
_2CC
999 _c470916
_d470916